书目信息 |
| 题名: |
红海
|
|
| 作者: | 加尔吉斯 著 ;梅州 , 章浩 译 | |
| 分册: | ||
| 出版信息: | 北京 世界知识出版社 1984 |
|
| 页数: | 83页 | |
| 开本: | 19cm | |
| 丛书名: | ||
| 单 册: | ||
| 中图分类: | D815.9 | |
| 科图分类: | ||
| 主题词: | 国际争端-红海 | |
| 电子资源: | ||
| ISBN: | ||
| 000 | 00739nam0 2200265 45 | |
| 001 | 0184013933 | |
| 005 | 20060725155330.56 | |
| 010 | @dCNY0.40 | |
| 091 | @aCN@b3003.1694 | |
| 100 | @a19950424d1984 em y0chiy0121 ea | |
| 101 | 1 | @achi@cegy |
| 102 | @aCN@b110000 | |
| 105 | @ay z 000zy | |
| 200 | 10 | @a红海@Ahong hai@e国际角逐中的通道@f(埃及)加尔吉斯·阿吉赫·尤南著@g章浩,梅州译 |
| 210 | @a北京@c世界知识出版社@d1984 | |
| 215 | @a83页@d19cm | |
| 606 | @a国际争端-红海 | |
| 607 | @a红海-国际争端 | |
| 690 | @aD815.9@v3 | |
| 701 | 1 | @a加尔吉斯@Ajia er ji si@b阿吉赫·尤南@4著 |
| 702 | 0 | @a梅州@Amei zhou@4译 |
| 702 | 0 | @a章浩@Azhang hao@4译 |
| 801 | 2 | @aCN@bNLC@c20060725 |
| 801 | 0 | @aCN@bTSSF |
| 905 | @a10447@dD815.9@e65 | |
| 红海:国际角逐中的通道/(埃及)加尔吉斯·阿吉赫·尤南著/章浩,梅州译.-北京:世界知识出版社,1984 |
| 83页;19cm |
| ISBN :CNY0.40 |
| ● |
| 相关链接 |
|
|
|
|
正题名:红海
索取号:D815.9/65
 
预约/预借
| 序号 | 登录号 | 条形码 | 馆藏地/架位号 | 状态 | 备注 |
| 1 | 0426320 | 204263206 | 密集书库/ [索取号:D815.9/65] | 在馆 | |
| 2 | 0426321 | 204263215 | 密集书库/ [索取号:D815.9/65] | 在馆 |